Gaming Quiz

Random Gaming or Minecraft Quiz

Minecraft: Things You Can Make With Sticks Quiz Stats

Quiz Updated Mar 30, 2015

Challenge
Share
Tweet
Embed
Score 0/23 Timer 06:00
1 Play Today
% Correct
Sword
88.6%
Axe
87.9%
Pickaxe
85.7%
Shovel
80.2%
Hoe
74.4%
Ladder
65.3%
Fence
64.6%
Redstone Torch
63.8%
Torch
63.6%
Bow
58.3%
Fence Gate
53.5%
Activator Rail
50.5%
% Correct
Powered Rail
50.2%
Rail
50.1%
Fishing Rod
48.4%
Arrow
44.8%
Lever
40.8%
Sign
40.4%
Item Frame
33.9%
Painting
32.6%
Armor Stand
24%
Banner
19.5%
Tripwire Hook
18.3%

You're not logged in!

Compare scores with friends on all Sporcle quizzes.
Sign Up with Email
OR
Log In

You Might Also Like...

Show Comments

Extras

Top Quizzes Today


Score Distribution

Your Account Isn't Verified!

In order to create a playlist on Sporcle, you need to verify the email address you used during registration. Go to your Sporcle Settings to finish the process.